000 01288cam a22003374a 4500
001 13138678
003 SISC
005 20160204093738.0
008 030327s2004 nyu c b 001 0 eng
010 _a 2003007046
020 _a0823944824 (lib. bdg.)
040 _aDLC
_cDLC
_dDLC
042 _apcc
_alcac
050 0 0 _aRC 553.A88
_b.R67 2004
082 0 0 _aHS 616.89
_bR71 2004
100 1 _aRosaler, Maxine.
_911173
245 1 0 _aCoping with Asperger syndrome /
_cMaxine Rosaler.
260 _aNew York :
_bThe Rosen Pub. Group,
_cc2004.
300 _a112 p. :
_c24 cm.
440 0 _aCoping
_911182
500 _aIncludes bibliographical references and index.
520 _aPresents information about Asperger's syndrome, including theories concerning its cause, its various characteristics, and management of the condition.
650 0 _aAsperger's syndrome
_vJuvenile literature.
_912604
650 1 _aAsperger's syndrome.
_912605
650 1 _aAutism.
_912606
856 4 1 _3Table of contents
_uhttp://www.loc.gov/catdir/toc/ecip042/2003007046.html
906 _a7
_bcbc
_corignew
_d1
_eecip
_f20
_gy-gencatlg
942 _2lcc
_cBK
999 _c9151
_d9151